[Event "SVK-chT2B 1920"]
[Site "Slovakia"]
[Date "2019.12.15"]
[Round "6.6"]
[White "Makuch, Milan"]
[Black "Masarik, Drahoslav"]
[Result "1/2-1/2"]
[WhiteElo "1832"]
[BlackElo "1896"]
[PlyCount "41"]
[EventDate "2019.10.26"]
[EventType "team-tourn"]
[EventRounds "11"]
[EventCountry "SVK"]
[SourceTitle "CBM 194 Extra"]
[Source "ChessBase"]
[SourceDate "2020.03.31"]
[SourceVersion "1"]
[SourceVersionDate "2020.03.31"]
[SourceQuality "1"]
[WhiteTeam "Povazska Bystrica II"]
[BlackTeam "Trencin"]
[WhiteTeamCountry "SVK"]
[BlackTeamCountry "SVK"]

1. d4 Nf6 2. c4 e6 3. Nf3 d5 4. Bg5 Be7 5. e3 0-0 6. Nc3 c6 7. Qc2 Nbd7 8. Bd3 dxc4 9. Bxc4 b5 10. Bxf6 Nxf6 11. Be2 Bb7 12. 0-0 a6 13. a3 Qb6 14. Rfc1 c5 15. dxc5 Bxc5 16. b4 Be7 17. Nd4 Rac8 18. Qb2 Rfd8 19. Na2 Nd5 20. Rxc8 Rxc8 21. Rc1 1/2-1/2

[Event "SVK-chT3B2 1819"]
[Site "Slovakia"]
[Date "2019.04.14"]
[Round "11.6"]
[White "Makuch, Milan"]
[Black "Krist, Radovan"]
[Result "1/2-1/2"]
[WhiteElo "1825"]
[BlackElo "1796"]
[PlyCount "46"]
[EventDate "2018.10.21"]
[EventType "team-tourn"]
[EventRounds "11"]
[EventCountry "SVK"]
[SourceTitle "EXT 2020"]
[Source "ChessBase"]
[SourceDate "2019.10.17"]
[SourceVersion "1"]
[SourceVersionDate "2019.10.17"]
[SourceQuality "1"]
[WhiteTeam "Povazska Bystrica Sparta"]
[BlackTeam "Chynorany"]
[WhiteTeamCountry "SVK"]
[BlackTeamCountry "SVK"]

1. d4 Nf6 2. c4 c6 3. Nc3 d5 4. Nf3 e6 5. Bg5 Be7 6. e3 0-0 7. Qc2 Nbd7 8. Bd3 h6 9. Bh4 dxc4 10. Bxc4 b5 11. Bd3 Bb7 12. 0-0 Rc8 13. Rfd1 Nd5 14. Bxe7 Qxe7 15. Nxd5 cxd5 16. Qd2 a6 17. Rac1 Qd6 18. Rxc8 Rxc8 19. Rc1 Rxc1+ 20. Qxc1 Qc6 21. Qxc6 Bxc6 22. Nd2 Nb6 23. b3 Kf8 1/2-1/2

[Event "SVK-chT3B2 1617"]
[Site "Slovakia"]
[Date "2017.01.15"]
[Round "6.5"]
[White "Makuch, Milan"]
[Black "Kucharek, Tibor"]
[Result "1/2-1/2"]
[WhiteElo "1862"]
[BlackElo "1753"]
[PlyCount "38"]
[EventDate "2016.10.16"]
[EventType "team-tourn"]
[EventRounds "11"]
[EventCountry "SVK"]
[SourceTitle "EXT 2018"]
[Source "ChessBase"]
[SourceDate "2017.10.13"]
[SourceVersion "1"]
[SourceVersionDate "2017.10.13"]
[SourceQuality "1"]
[WhiteTeam "Povazska Bystrica Sparta III"]
[BlackTeam "Dubnica nad Vahom III"]
[WhiteTeamCountry "SVK"]
[BlackTeamCountry "SVK"]

1. d4 Nf6 2. c4 e6 3. Nc3 Be7 4. Bg5 h6 5. Bh4 0-0 6. Nf3 b6 7. e3 Bb7 8. Be2 Ne4 9. Bg3 Nxg3 10. hxg3 Bb4 11. a3 Bxc3+ 12. bxc3 Nc6 13. Nd2 f5 14. Bf3 Qf6 15. Qc2 Rab8 16. e4 fxe4 17. Nxe4 Qg6 18. Qe2 Ne7 19. Rc1 Nc8 1/2-1/2

[Event "SVK-chT3B2 1516"]
[Site "Slovakia"]
[Date "2016.02.07"]
[Round "7.7"]
[White "Makuch, Milan"]
[Black "Rehak, Vladimir"]
[Result "1-0"]
[WhiteElo "1878"]
[BlackElo "1398"]
[PlyCount "153"]
[EventDate "2015.10.11"]
[EventType "team-tourn"]
[EventRounds "11"]
[EventCountry "SVK"]
[SourceTitle "CBM 170 Extra"]
[Source "ChessBase"]
[SourceDate "2016.02.25"]
[SourceVersion "1"]
[SourceVersionDate "2016.02.25"]
[SourceQuality "1"]
[WhiteTeam "Povazska Bystrica III"]
[BlackTeam "Myjava Spartak"]
[WhiteTeamCountry "SVK"]
[BlackTeamCountry "SVK"]

1. d4 d5 2. Bg5 Nf6 3. e3 Nbd7 4. c4 c6 5. Nc3 g6 6. Nf3 Bg7 7. Bd3 0-0 8. 0-0 dxc4 9. Bxc4 Nb6 10. Be2 Bf5 11. Rc1 Ne4 12. Bh4 Nd5 13. Nxd5 cxd5 14. Qb3 b6 15. Rfd1 Be6 16. Qa3 f6 17. Nd2 Nd6 18. Bg3 Nf5 19. Rc3 Nxg3 20. hxg3 Qd7 21. Ba6 Qd6 22. Qxd6 exd6 23. Rc6 Rfd8 24. Rdc1 Bf8 25. Rc7 Rd7 26. Nb1 Rf7 27. Na3 Bf5 28. Bb7 Re8 29. Bxd5 Be6 30. Rxf7 Kxf7 31. Rc7+ Re7 32. Rxe7+ Bxe7 33. Bxe6+ Kxe6 34. Nb5 a5 35. Nc3 f5 36. Kf1 d5 37. Ke2 h5 38. Nb5 Kd7 39. Kd3 Kc6 40. Na7+ Kb7 41. Nb5 Kc6 42. Nc3 h4 43. gxh4 Bxh4 44. f3 Be7 45. e4 dxe4+ 46. fxe4 fxe4+ 47. Kxe4 Bd8 48. a4 Be7 49. Nb5 Bf6 50. b3 Bh4 51. Ke5 Kd7 52. Kd5 Bf6 53. Nc3 Be7 54. Ne4 Bd8 55. Nd2 Bf6 56. Nc4 Kc7 57. Nd6 Kd7 58. Nf7 g5 59. g4 Kc7 60. Ne5 b5 61. axb5 Bd8 62. Nc6 Bf6 63. Kc4 Kb6 64. Ne5 Be7 65. Nc6 Bf6 66. d5 Bg7 67. d6 Bf6 68. d7 Kc7 69. d8Q+ Bxd8 70. Nxd8 Kxd8 71. Kc5 Kc7 72. b6+ Kd7 73. Kb5 Kc8 74. Kxa5 Kb8 75. Ka6 Ka8 76. b7+ Kb8 77. b4 1-0

[Event "SVK-chT3B2 1516"]
[Site "Slovakia"]
[Date "2016.01.31"]
[Round "6.5"]
[White "Zahorcek, Jakub"]
[Black "Makuch, Milan"]
[Result "0-1"]
[WhiteElo "1500"]
[BlackElo "1878"]
[PlyCount "80"]
[EventDate "2015.10.11"]
[EventType "team-tourn"]
[EventRounds "11"]
[EventCountry "SVK"]
[SourceTitle "CBM 170 Extra"]
[Source "ChessBase"]
[SourceDate "2016.02.25"]
[SourceVersion "1"]
[SourceVersionDate "2016.02.25"]
[SourceQuality "1"]
[WhiteTeam "Dubnica nad Vahom IV"]
[BlackTeam "Povazska Bystrica III"]
[WhiteTeamCountry "SVK"]
[BlackTeamCountry "SVK"]

1. e4 c6 2. Nf3 d5 3. exd5 cxd5 4. d4 Bg4 5. Be2 e6 6. Bf4 Nf6 7. Nc3 Bb4 8. 0-0 Bxc3 9. bxc3 0-0 10. h3 Bh5 11. Rb1 b6 12. Qd3 Bg6 13. Qd1 Ne4 14. Bd2 Qc7 15. Qe1 Rc8 16. Rb3 Nc6 17. Bd3 Na5 18. Ra3 Qd6 19. Qc1 Nc4 20. Rb3 Rc6 21. Bxe4 Bxe4 22. Bf4 Qe7 23. Nd2 Na5 24. Rb1 Bg6 25. Qb2 Rac8 26. c4 Nxc4 27. Nxc4 Rxc4 28. Rbc1 Rxc2 29. Rxc2 Rxc2 30. Qb3 h6 31. Re1 Qf6 32. Be3 Qd8 33. Qa4 Qb8 34. Qb3 Qc7 35. Qa3 Qb7 36. Qb3 Rc4 37. Qb2 Qa6 38. a3 Qa4 39. Rc1 b5 40. Rxc4 Qxc4 0-1

[Event "SVK-chT3B2 1314"]
[Site "Slovakia"]
[Date "2014.03.09"]
[Round "9.2"]
[White "Bielik, Peter"]
[Black "Makuch, Milan"]
[Result "1-0"]
[WhiteElo "1915"]
[BlackElo "1912"]
[PlyCount "59"]
[EventDate "2013.10.13"]
[EventType "team-tourn"]
[EventRounds "14"]
[EventCountry "SVK"]
[SourceTitle "EXT 2015"]
[Source "ChessBase"]
[SourceDate "2014.11.20"]
[SourceVersion "1"]
[SourceVersionDate "2014.11.20"]
[SourceQuality "1"]
[WhiteTeam "Povazske Podhradie SK"]
[BlackTeam "Povazska Bystrica SK Sparta II"]
[WhiteTeamCountry "SVK"]
[BlackTeamCountry "SVK"]

1. d4 d5 2. c4 c6 3. Nf3 Nf6 4. Nc3 e6 5. Bg5 Be7 6. e3 0-0 7. Bd3 dxc4 8. Bxc4 Nd5 9. Bxe7 Qxe7 10. e4 Nf6 11. 0-0 Nbd7 12. Qc2 h6 13. Rfe1 Qb4 14. Bb3 Nb6 15. Rad1 Bd7 16. a3 Qa5 17. e5 Nfd5 18. Ne4 Nc8 19. Nc5 Qc7 20. Qe4 Nce7 21. Nh4 b6 22. Bc2 f5 23. exf6 Nxf6 24. Nxe6 Qd6 25. Qe5 Qxe6 26. Qxe6+ Bxe6 27. Rxe6 Nfd5 28. Bb3 Rac8 29. Rxe7 Kh8 30. Ng6+ 1-0

[Event "SVK-chT3B2 1213"]
[Site "Slovakia"]
[Date "2013.01.13"]
[Round "5.5"]
[White "Makuch, Milan"]
[Black "Masar, Jan"]
[Result "1/2-1/2"]
[WhiteElo "1905"]
[BlackElo "1732"]
[PlyCount "40"]
[EventDate "2012.10.28"]
[EventType "team-tourn"]
[EventRounds "14"]
[EventCountry "SVK"]
[SourceTitle "EXT 2022"]
[Source "ChessBase"]
[SourceDate "2021.10.06"]
[SourceVersion "1"]
[SourceVersionDate "2021.10.06"]
[SourceQuality "1"]
[WhiteTeam "Povazska Bystrica III"]
[BlackTeam "Handlova"]
[WhiteTeamCountry "SVK"]
[BlackTeamCountry "SVK"]

1. d4 d5 2. c4 Bg4 3. cxd5 Qxd5 4. Nc3 Qd7 5. f3 Bh5 6. e4 a6 7. Be3 e6 8. Qb3 b5 9. Rd1 Nf6 10. Nge2 Qc8 11. Nf4 Bg6 12. Be2 Be7 13. 0-0 0-0 14. Rc1 Nbd7 15. Rfd1 c5 16. dxc5 Nxc5 17. Qc2 Rd8 18. a3 Qb7 19. b4 Ncd7 20. Qb3 Ne5 1/2-1/2

[Event "SVK-chT3B2 1112"]
[Site "Slovakia"]
[Date "2012.01.22"]
[Round "6.5"]
[White "Makuch, Milan"]
[Black "Halak, Matej"]
[Result "0-1"]
[WhiteElo "1910"]
[BlackElo "1764"]
[PlyCount "96"]
[EventDate "2011.10.23"]
[EventType "team-tourn"]
[EventRounds "9"]
[EventCountry "SVK"]
[SourceTitle "EXT 2013"]
[Source "ChessBase"]
[SourceDate "2012.11.22"]
[SourceVersion "1"]
[SourceVersionDate "2012.11.22"]
[SourceQuality "1"]
[WhiteTeam "Povazska Bystrica Sparta III"]
[BlackTeam "Trencin PK III"]
[WhiteTeamCountry "SVK"]
[BlackTeamCountry "SVK"]

1. d4 d5 2. Bg5 Bf5 3. Nf3 c6 4. e3 Nd7 5. c4 Qb6 6. Qd2 Ngf6 7. c5 Qd8 8. Nc3 h6 9. Bh4 e6 10. b4 a6 11. a4 Be7 12. Bxf6 Bxf6 13. Bd3 Bg4 14. h3 Bxf3 15. gxf3 e5 16. dxe5 Bxe5 17. f4 Bf6 18. a5 d4 19. Ne2 dxe3 20. Qxe3+ Qe7 21. Qxe7+ Kxe7 22. 0-0-0 Rad8 23. Kc2 g6 24. Ng3 h5 25. Rhe1+ Kf8 26. Ne4 Be7 27. Bc4 Kg7 28. Re2 Nf6 29. Nxf6 Bxf6 30. Red2 Rxd2+ 31. Rxd2 Rd8 32. Rxd8 Bxd8 33. f5 g5 34. Be2 h4 35. Bc4 Bc7 36. f3 Kf6 37. Kd3 Bg3 38. Bb3 Be1 39. Kc4 Kxf5 40. Bc2+ Kf4 41. Be4 f5 42. Bd3 g4 43. fxg4 fxg4 44. Bf1 g3 45. Bg2 Ke3 46. Kb3 Kf2 47. Bxc6 bxc6 48. b5 cxb5 0-1